Chiến lược và chính sách môi trường /
Các vấn đề môi trường toàn cầu; Chiến lược toàn cầu về môi trường và phát triển bền vững; Xây dựng chiến lược quốc gia về môi trường; Chính sách môi trường trên thế giới...
שמור ב:
| מחבר ראשי: | |
|---|---|
| מחברים אחרים: | , |
| פורמט: | ספר |
| שפה: | Vietnamese |
| יצא לאור: |
Hà Nội :
Đại học Quốc gia Hà Nội,
2000.
|
| נושאים: | |
| תגים: |
הוספת תג
אין תגיות, היה/י הראשונ/ה לתייג את הרשומה!
|
| Thư viện lưu trữ: | Mạng thư viện Đại học Đà Nẵng |
|---|
| LEADER | 01279cam a2200385 i 4500 | ||
|---|---|---|---|
| 001 | 000047076 | ||
| 003 | 6607 | ||
| 005 | 20030918150801.0 | ||
| 008 | 010305b2000 vm 000 vie | ||
| 020 | |c 22000 | ||
| 022 | |a T | ||
| 040 | |a IRC |c IRC |d IRC | ||
| 041 | 0 | |a vie | |
| 082 | 1 | 4 | |a 363.7 |b LÊ-K |
| 100 | 1 | |a Lê Văn Khoa. | |
| 245 | 0 | 0 | |a Chiến lược và chính sách môi trường / |c Lê Văn Khoa, Nguyễn Ngọc Sinh, Nguyễn Tiến Dũng. |
| 260 | |a Hà Nội : |b Đại học Quốc gia Hà Nội, |c 2000. | ||
| 300 | |a 294tr. ; |c 20cm. | ||
| 520 | 3 | |a Các vấn đề môi trường toàn cầu; Chiến lược toàn cầu về môi trường và phát triển bền vững; Xây dựng chiến lược quốc gia về môi trường; Chính sách môi trường trên thế giới... | |
| 630 | 0 | 4 | |a Môi trường. |
| 630 | 0 | 4 | |a Chiến lược Môi trường. |
| 630 | 0 | 4 | |a Chính sách môi trường. |
| 650 | 0 | 4 | |a Môi trường. |
| 700 | 1 | |a Nguyễn Ngọc Sinh. | |
| 700 | 1 | |a Nguyễn Tiến Dũng. | |
| OWN | |a DUT | ||
| 999 | |a From the UDN01 | ||
| TYP | |a Monograph | ||
| TYP | |a Printed language | ||
| 980 | |a Mạng thư viện Đại học Đà Nẵng | ||